|
|
|
|
| LEADER |
00000nam0a2200000 4500 |
| 001 |
327137 |
| 005 |
20231102003930.0 |
| 035 |
|
|
|a (RuTPU)RU\TPU\book\352797
|
| 090 |
|
|
|a 327137
|
| 100 |
|
|
|a 20170125d1962 m y0rusy50 ca
|
| 101 |
0 |
|
|a rus
|
| 102 |
|
|
|a RU
|
| 105 |
|
|
|a a z 000zy
|
| 200 |
1 |
|
|a Образ нашего современника в советском портретном искусстве
|
| 210 |
|
|
|a Москва
|c Изд-во Академии художеств СССР
|d 1962
|
| 215 |
|
|
|a 56 с.
|c ил.
|
| 225 |
1 |
|
|a Библиотека по изобразительному искусству для народных университетов культуры, художественной самодеятельности и школьных библиотек
|
| 330 |
|
|
|a Развивая две основные линии портретного искусства - линию характерности и обобщения, советские художники стремятся показать красоту современного человека - созидателя новой жизни, строителя коммунистического общества. Пройдя интереснейший путь развития, советское портретное искусство открыло для себя новые возможности, введя в сферу внимания художника-портретиста образ человека из народа. Это и заслуга советского искусства и основа его движения вперед. Стремление проникнуть в богатый внутренний мир простого человека, поиски в нем тех высоких душевных качеств и богатства индивидуальности, которые определяют его жизнь, - привлекательнейшие качества советского портрета.
|
| 606 |
1 |
|
|a Изобразительное искусство
|2 stltpush
|3 (RuTPU)RU\TPU\subj\12291
|9 39102
|
| 610 |
1 |
|
|a портретная живопись
|
| 610 |
1 |
|
|a портретное искусство
|
| 610 |
1 |
|
|a портреты
|
| 610 |
1 |
|
|a современники
|
| 610 |
1 |
|
|a творчество
|
| 675 |
|
|
|a 7
|v 4
|
| 700 |
|
1 |
|a Демосфенова
|b Г. Л.
|g Галина Леонтьевна
|
| 712 |
0 |
2 |
|a Академия художеств СССР (АХ СССР)
|2 stltpush
|3 (RuTPU)RU\TPU\col\5342
|
| 801 |
|
1 |
|a RU
|b 63413507
|c 20170125
|
| 801 |
|
2 |
|a RU
|b 63413507
|c 20170908
|g RCR
|
| 942 |
|
|
|c BK
|